01712nam a2200325 a 4500001001000000003000300010005001700013008004100030020002200071020002500093020002200118020002500140082001900165100002900184245007500213260006500288300003700353490003600390504006600426505036900492650003800861650003200899650004100931653001900972942001200991999001701003952013201020952011701152952011701269015517797Uk20130320134218.0080222s2008 enkab b 001 0 eng d a0335223575 (hbk.) a9780335223572 (hbk.) a0335223583 (pbk.) a9780335223589 (pbk.)04a370.7222bSMI1 aSmith, Emma,cDr.93291410aUsing Secondary Data in Educational and Social Research /cEmma Smith. aMaidenhead ;aNew York, NY :bOpen University Press,cc2008. ax, 249 p. :bill., map ;c24 cm.1 aConducting educational research aIncludes bibliographical references (p. [233]-246) and index.0 aSecondary data analysis: an introduction -- Pitfalls of secondary data analysis -- Promises of secondary data analysis -- Doing secondary analysis -- Sure start and leisure habits: secondary analysis of aggregate data -- Traffic jams and gap years: secondary analysis of survey data -- From PISA to California: secondary analysis of international data -- Endpiece. 0aSocial sciencesxResearch.932915 0aEducationxResearch.932916 0aSocial sciencesxMethodology.932917 bBuscMarch2013 2ddccBB c17383d17355 00102ddc40708BaccahaMAINbMAINc1STd2013-03-20epurchasel1m1o370.7 SMIp000028563r2025-07-15 00:00:00s2016-02-15yBB 00102ddc40708BaccahaMAINbMAINc1STd2013-03-20epurchasel0o370.7 SMIp000028564r2025-07-15 00:00:00yBB 00102ddc40708BaccahaMAINbMAINc1STd2013-03-20epurchasel0o370.7 SMIp000028565r2025-07-15 00:00:00yBB